000
00257 a2200109 4500
001
71092
040
_c
Anchieta - Colégio São Paulo
240
1
0
_a
Gincana CSP 2012
_l
245
1
0
_a
Gincana CSP 2012
650
4
_a
Recreação e artes performativas
942
_c
MX
999
_c
71092
_d
71092